Peninsulas A-Z - Statistics

General Stats
  • This quiz has been taken 3,383 times
    3,131 since last reset
  • The average score is 17 of 25
Answer Stats
Hint Answer % Correct
C Russia seized it in 2014 Crimea
96%
G British territory bordering Spain Gibraltar
94%
Q Where the 2022 FIFA World Cup will take place Qatar
94%
H Somalia sits on it, with its neighbors {Horn} of Africa
92%
K Divided into two halves by theDemilitarized zone Korea
92%
Y Mexican peninsula where an asteroid struck 65 million years ago Yucatan
92%
M Singapore lies right south of it Malay
89%
J Mainland Denmark Jutland
88%
V Capital of Malta Valletta
88%
L Has a union with Newfoundland Labrador
87%
B Northwest French peninsula,one of six "Celtic Nations" Brittany
84%
S Occupied by Israel in 1967 Sinai
84%
I Where the Mekong River flows Indochina
80%
W Called "Cymru" in local language Wales
75%
P Southern end of South America Patagonia
73%
F Eastern border of the Gulf of Mexico Florida
70%
A Also called "Asia Minor" Anatolia
69%
N Halifax is its largest city Nova Scotia
69%
U The smaller half of Michigan Upper
58%
T Part of the Balkans owned partially by Bulgaria, Greece and Turkey Thrace
38%
O Northwestern part of Washington Olympic
27%
D Wisconsin's pointy peninsula.Green Bay is located at its bottom Door
12%
Z Western part of Mindanao Zamboanga
10%
E Triangular peninsula in South Australia Eyre
9%
R Hammer-head peninsula in Galloway, Scotland Rhins
4%
No matching quizzes found
Score Distribution
Percent of People with Each Score
Percentile by Number Answered
Your Score History
You have not taken this quiz since the last reset